000
00343nam a2200145Ia 4500
005
20250422110249.0
008
231217s9999 xx 000 0 und d
020
_a
9780340857663
100
_a
Wood, Naomi Langford.
245
0
_a
CRM in a week
260
_c
2002
_b
Hodder & Soughton
_a
London
300
_a
86
650
_a
CRM
942
_c
AA
999
_c
182793
_d
182793